| 000 | 00557nam a2200193 a 4500 | ||
|---|---|---|---|
| 005 | 20140310183158.0 | ||
| 008 | 021016s19uu xx 00 eng d | ||
| 020 | _a971584323 | ||
| 050 |
_aRG 951 _b.L57 2001 |
||
| 100 | _aStright, Barbara R. | ||
| 245 |
_aMaternal-Newborn Nursing / _cBarbara R. Stright. |
||
| 260 |
_aNew York : _bLippincott, _c2001. |
||
| 300 |
_a328 p. : _c21 cm. |
||
| 440 | _aLippincott's review series | ||
| 521 | _aNUR | ||
| 650 |
_aMaternity nursing _xexaminations, questions, etc. |
||
| 942 |
_cBK _2lcc _kFOR |
||
| 999 |
_c19808 _d19808 |
||